| 000 | 00503nam a2200169Ia 4500 | ||
|---|---|---|---|
| 999 |
_c12551 _d12551 |
||
| 003 | OSt | ||
| 005 | 20201016132637.0 | ||
| 008 | 190216s9999||||xx |||||||||||||| ||und|| | ||
| 040 | _coclc | ||
| 082 |
_a362.70954 _bKUR/A |
||
| 100 |
_aKuriakose, P T _95819 |
||
| 245 | 3 |
_aAn Approach To Youth Work In India / _cP T Kuriakose |
|
| 260 |
_bYoung Asia & Co, _c1972. _aNew Delhi: |
||
| 300 | _a80p | ||
| 650 | _aEnglish General | ||
| 942 |
_cBK _2ddc _h362.70954 _iKUR/A _k362.70954 _mKUR/A |
||